| 000 | 01089 a2200205 4500 | ||
|---|---|---|---|
| 003 | Nust | ||
| 005 | 20170207152514.0 | ||
| 010 | _a 2001096113 | ||
| 020 | _a0789725819 | ||
| 040 | _cNust | ||
| 082 | 0 | 0 | _a621.3827 |
| 245 | 0 | 0 | _aSpecial edition using optical networks. |
| 246 | 3 | 0 | _aOptical networks |
| 246 | 3 | 0 | _aUsing optical networks |
| 260 |
_aIndianapolis, Ind. : _bQue, _cc2002. |
||
| 300 |
_avii, 351 p. : _bill. ; _c23 cm. |
||
| 500 | _aAn Overview Of Optical Networks (Page-9),2.fiber optic technology (page 25)components of optical networks (page 71)modulation and demodulation (page 936.optical fiber fabrication,power launching and coupling(page 107)7.system parameters and design considerations(page 125)8.generations of optical networks(page 141)9.3synchronous optical networks(page 167)10.second generation optical networks(page 189)Broadcast and select topologies(page 199)The Evolution And Architecture Of Optical Network (Page-107),Managing Optical Networks (Page-263), Appendixes (Page-303) | ||
| 538 | _a Almirah No 26 Shelf No 5 | ||
| 650 | 0 | _aTelecommunication engineering | |
| 942 | _cREF | ||
| 999 |
_c175939 _d175939 |
||